| 000 | 00550nam a2200145 4500 | ||
|---|---|---|---|
| 082 | _aMSITE-1 MUS | ||
| 100 | _aMuhammad Yasir Mustafa | ||
| 245 | _aEvaluation of gamified learning management system through technology acceptance model | ||
| 260 |
_aIslamabad _bNUST-SEECS _c2016 |
||
| 300 |
_a91p. _eCD Includes |
||
| 856 | _uhttp://10.250.8.41:8080/xmlui/handle/123456789/9553 | ||
| 942 |
_2ddc _cTHE |
||
| 999 |
_c328919 _d328919 |
||